Quantum probability and infinite dimensional analysis : from foundations to applications
This volume collects research papers in quantum probability and related fields and reflects the recent developments in quantum probability ranging from the foundations to its applications.
Salvato in:
| Natura: | Libro |
|---|---|
| Lingua: | Undetermined |
| Pubblicazione: |
Singapore,Hackensack, NJ
World Scientific
2005
|
| Soggetti: | |
| Tags: |
Aggiungi Tag
Nessun Tag, puoi essere il primo ad aggiungerne! !
|
| Thư viện lưu trữ: | Trung tâm Học liệu Trường Đại học Cần Thơ |
|---|
| LEADER | 00875nam a2200205Ia 4500 | ||
|---|---|---|---|
| 001 | CTU_156983 | ||
| 008 | 210402s9999 xx 000 0 und d | ||
| 020 | |c 244 | ||
| 082 | |a 530.12 | ||
| 082 | |b Q.1 | ||
| 245 | 0 | |a Quantum probability and infinite dimensional analysis : | |
| 245 | 0 | |b from foundations to applications | |
| 245 | 0 | |c editors, Michael Schürmann, Uwe Franz. | |
| 260 | |a Singapore,Hackensack, NJ | ||
| 260 | |b World Scientific | ||
| 260 | |c 2005 | ||
| 520 | |a This volume collects research papers in quantum probability and related fields and reflects the recent developments in quantum probability ranging from the foundations to its applications. | ||
| 650 | |a Probabilities,Quantum theory,Dimensional analysis,Xác suất (Toán học),Phân tích thứ nguyên | ||
| 904 | |i Năm | ||
| 980 | |a Trung tâm Học liệu Trường Đại học Cần Thơ | ||